| 000 | 00957nam a2200349Ia 4500 | ||
|---|---|---|---|
| 003 | GCL | ||
| 008 | 140319s9999 xx 000 0 ara d | ||
| 040 |
_aGCL / _cGCL |
||
| 082 | 0 | 4 |
_a215.962 _bس م |
| 100 | 1 | _aسنية قراعة | |
| 245 | 1 | 0 |
_aمساجد ودول / _cسنية قراعة |
| 260 |
_a[S.N] : _bمكتبة الصحافة ، _c1958 |
||
| 300 | _a354 ص | ||
| 490 | _a | ||
| 650 | 0 | 4 | _aمصر |
| 650 | 0 | 4 | _aالاسلام |
| 650 | 0 | 4 | _aالديانات |
| 650 | 0 | 4 | _aالمساجد |
| 650 | 0 | 4 | _aفتح مصر |
| 650 | 0 | 4 | _aدور العبادة |
| 650 | 0 | 4 | _aالزهراوى |
| 650 | 0 | 4 | _aالازهر (جامع) |
| 650 | 0 | 4 | _aامام المساجد |
| 650 | 0 | 4 | _aتقاليد |
| 650 | 0 | 4 | _aدولة المساجد |
| 650 | 0 | 4 | _aنهاية دولة |
| 650 | 0 | 4 | _aاحمد بن طولون |
| 650 | 0 | 4 | _aالنذر |
| 650 | 0 | 4 | _aمسجد وجامعة |
| 650 | 0 | 4 | _aاسوار القاهرة |
| 942 |
_2ddc _cBK |
||
| 999 |
_c28322 _d28322 |
||